Digital image processing / (Record no. 592362)

000 -LEADER
fixed length control field 00941pam a2200241 a 4500
001 - CONTROL NUMBER
control field 4450806
005 - DATE AND TIME OF LATEST TRANSACTION
control field 20221117140110.0
008 - FIXED-LENGTH DATA ELEMENTS--GENERAL INFORMATION
fixed length control field 950427s1996 njua b 001 0 eng
010 ## - LIBRARY OF CONGRESS CONTROL NUMBER
LC control number 95011113
020 ## - INTERNATIONAL STANDARD BOOK NUMBER
International Standard Book Number 0132114674
040 ## - CATALOGING SOURCE
Original cataloging agency DLC
Transcribing agency DLC
Modifying agency DLC
050 04 - LIBRARY OF CONGRESS CALL NUMBER
Classification number TA1632
Item number .C37 1996
082 00 - DEWEY DECIMAL CLASSIFICATION NUMBER
Classification number 621.367,CAS
Edition number 20
100 1# - MAIN ENTRY--PERSONAL NAME
Personal name Castleman, Kenneth R.
9 (RLIN) 83281
245 10 - TITLE STATEMENT
Title Digital image processing /
Statement of responsibility, etc. Kenneth R. Castleman.
260 ## - PUBLICATION, DISTRIBUTION, ETC.
Place of publication, distribution, etc. Englewood Cliffs, N.J. :
Name of publisher, distributor, etc. Prentice Hall,
Date of publication, distribution, etc. c1996.
300 ## - PHYSICAL DESCRIPTION
Extent xviii, 667 p. :
Other physical details ill. ;
Dimensions 25 cm.
505 ## - FORMATTED CONTENTS NOTE
Formatted contents note Part 1: Images and Digital Processing (Page-1), Part v2; Linear Systems Theory (Page-143), Part 3; Image Restoration (Page-387).
650 #0 - SUBJECT ADDED ENTRY--TOPICAL TERM
Topical term or geographic name entry element Image processing
General subdivision Digital techniques.
9 (RLIN) 673
906 ## - LOCAL DATA ELEMENT F, LDF (RLIN)
a 7
b cbc
c orignew
d 1
e ocip
f 19
g y-gencatlg
942 ## - ADDED ENTRY ELEMENTS (KOHA)
Source of classification or shelving scheme
Koha item type Book
Holdings
Withdrawn status Lost status Source of classification or shelving scheme Damaged status Not for loan Permanent Location Current Location Shelving location Date acquired Total Checkouts Full call number Barcode Date last seen Price effective from Koha item type Public note
          Military College of Signals (MCS) Military College of Signals (MCS) General Stacks 11/17/2022   621.367,CAS MCS34479 11/17/2022 11/17/2022 Book Almirah No.30, Shelf No.2
© 2023 Central Library, National University of Sciences and Technology. All Rights Reserved.